000 00572nam a2200169 a 4500
001 000040217
005 20240502103719.0
008 130819s1971 ve 000 0 spa d
040 _aDO-SdBNP
_bspa
_cBNPHU
100 1 _aDeutscher, Isaac,
_d1907-1967
_961252
240 1 0 _aMaoísm its origin and outlook the chinese cultural revolution
245 1 3 _aEl maoísmo y la revolución cultural china /
_cIsaac Deutscher ; traducción.
260 _aMéxico :
_bEdiciones Era,
_c1971.
300 _a94 p. ;
_c19 cm.
490 1 _aPopular Era
_v9
830 0 _aPopular Era
_v9
_927371
999 _c39707
_d39707